مكتبة جامعة عجلون الوطنية

فهرس بحث المكتبة

The public finances : (Record no. 33234)

MARC details
000 -LEADER
fixed length control field 00996cam a2200301 i 4500
001 - CONTROL NUMBER
control field 2756366
003 - CONTROL NUMBER IDENTIFIER
control field JO-AjAnu
005 - DATE AND TIME OF LATEST TRANSACTION
control field 20231203091925.0
008 - FIXED-LENGTH DATA ELEMENTS--GENERAL INFORMATION
fixed length control field 800604s1980 ilua b 001 0 eng
010 ## - LIBRARY OF CONGRESS CONTROL NUMBER
LC control number 79090537
020 ## - INTERNATIONAL STANDARD BOOK NUMBER
International Standard Book Number 0256023336
040 ## - CATALOGING SOURCE
Original cataloging agency DLC
Transcribing agency DLC
Modifying agency DLC
-- JO-AjAnu
043 ## - GEOGRAPHIC AREA CODE
Geographic area code n-us---
050 00 - LIBRARY OF CONGRESS CALL NUMBER
Classification number HJ257.2
Item number .B82 1980
082 00 - DEWEY DECIMAL CLASSIFICATION NUMBER
Classification number 336.73
100 1# - MAIN ENTRY--PERSONAL NAME
Personal name Buchanan, James M.
Relator term author
245 14 - TITLE STATEMENT
Title The public finances :
Remainder of title an introductory textbook /
Statement of responsibility, etc. James M. Buchanan, Marilyn R. Flowers.
250 ## - EDITION STATEMENT
Edition statement 5th ed.
260 ## - PUBLICATION, DISTRIBUTION, ETC.
Place of publication, distribution, etc. Homewood, Ill. :
Name of publisher, distributor, etc. R. D. Irwin ;
Place of publication, distribution, etc. Georgetown, Ont. :
Name of publisher, distributor, etc. Irwin-Dorsey,
Date of publication, distribution, etc. 1980.
300 ## - PHYSICAL DESCRIPTION
Extent xviii, 536 p. :
Other physical details ill. ;
Dimensions 24 cm.
490 0# - SERIES STATEMENT
Series statement The Irwin series in economics
504 ## - BIBLIOGRAPHY, ETC. NOTE
Bibliography, etc. note Includes bibliographies and index.
650 #0 - SUBJECT ADDED ENTRY--TOPICAL TERM
Topical term or geographic name entry element Finance, Public
Geographic subdivision United States
General subdivision History
Chronological subdivision 1933-
650 #0 - SUBJECT ADDED ENTRY--TOPICAL TERM
Topical term or geographic name entry element Finance, Public.
700 1# - ADDED ENTRY--PERSONAL NAME
Personal name Flowers, Marilyn R.,
Relator term joint author.
906 ## - LOCAL DATA ELEMENT F, LDF (RLIN)
a 7
b cbc
c orignew
d 2
e opcn
f 19
g y-gencatlg
942 ## - ADDED ENTRY ELEMENTS (KOHA)
Source of classification or shelving scheme Library of Congress Classification
Koha item type Books
Suppress in OPAC No
Holdings
Withdrawn status Lost status Source of classification or shelving scheme Damaged status Not for loan Home library Current library Date acquired Total Checkouts Full call number Barcode Date last seen Price effective from Koha item type
    Library of Congress Classification     مكتبة جامعة عجلون الوطنية مكتبة جامعة عجلون الوطنية 03/12/2023   HJ257.2.B82 1980 E3562 03/12/2023 03/12/2023 Books